[Event "26th WSCC 2016 Women 50+"]
[Site "Marianske Lazne, Czech Republic - Hotel Cristal"]
[Date "2016.11.23"]
[Round "5.1"]
[White "Ankudinova, Yelena"]
[Black "Makropoulou, Marina"]
[Result "1-0"]
[WhiteElo "2122"]
[BlackElo "2119"]
[PlyCount "121"]
[EventDate "2016.11.19"]

1. d4 Nf6 2. Nf3 e6 3. e3 b6 4. Bd3 Bb7 5. O-O Be7 6. Nbd2 d5 7. b3 Ne4 8. Bb2
Nd7 9. c4 f5 10. Rc1 O-O 11. cxd5 exd5 12. Ne5 Nxe5 13. dxe5 c5 14. f3 Ng5 15.
Qc2 g6 16. h4 Ne6 17. h5 Qd7 18. Rce1 b5 19. hxg6 hxg6 20. g4 c4 21. Bxf5 gxf5
22. gxf5 Nf4 23. f6 Bc5 24. Kf2 Kf7 25. Qh7+ Ke8 26. Qh4 Qf5 27. Bd4 Bxd4 28.
exd4 Nd3+ 29. Ke2 Kd7 30. Rg1 Rf7 31. Rg5 Qh7 32. Qg4+ Kc7 33. Rg1 Bc8 34. Qg3
Be6 35. f4 Kc6 36. Qf3 Rh8 37. bxc4 bxc4 38. Nxc4 Qh2+ 39. Kxd3 Rh3 40. R5g3
Bf5+ 41. Ke3 Rxg3 42. Rxg3 Qxa2 43. Nd6 Rh7 44. Qe2 Qb3+ 45. Kf2 Rh2+ 46. Rg2
Rxg2+ 47. Kxg2 Qh3+ 48. Kf2 Qh4+ 49. Ke3 Qg3+ 50. Kd2 Qxf4+ 51. Kc3 Qc1+ 52.
Kb3 Qb1+ 53. Qb2 Qd1+ 54. Ka3 Qd3+ 55. Qb3 Kd7 56. Qxd3 Bxd3 57. Kb4 Ke6 58.
Nb7 Kf7 59. Nd8+ Ke8 60. Nc6 a6 61. Ka5 1-0

[Event "26th WSCC 2016 Women 50+"]
[Site "Marianske Lazne, Czech Republic - Hotel Cristal"]
[Date "2016.11.23"]
[Round "5.2"]
[White "Berend, Elvira"]
[Black "Richtrova, Eliska"]
[Result "1-0"]
[WhiteElo "2349"]
[BlackElo "2188"]
[PlyCount "113"]
[EventDate "2016.11.19"]

1. d4 Nf6 2. c4 e6 3. g3 Bb4+ 4. Bd2 Qe7 5. Bg2 O-O 6. Nf3 Bxd2+ 7. Nbxd2 d6 8.
e4 e5 9. d5 a5 10. O-O Na6 11. b3 c6 12. Qe2 Bd7 13. Nh4 g6 14. Rae1 Nh5 15.
Nf5 Qf6 16. Ne3 a4 17. Nb1 axb3 18. axb3 Qd8 19. dxc6 Bxc6 20. Rd1 Qb6 21. Qb2
Rfd8 22. Nc3 Nf6 23. Ned5 Bxd5 24. exd5 Nc5 25. Nb5 Ra6 26. b4 Ncd7 27. Qe2
Rda8 28. Bh3 Kg7 29. Rd2 h6 30. Kg2 Ra4 31. Rb1 g5 32. Bf5 R8a6 33. h4 Nf8 34.
hxg5 hxg5 35. Rc2 Qd8 36. Qd2 Ng8 37. Nc3 Ra3 38. c5 f6 39. Nb5 Ra1 40. Rxa1
Rxa1 41. Nxd6 Ne7 42. Be4 Nfg6 43. Rc1 Rxc1 44. Qxc1 Qd7 45. Qc2 Qg4 46. Kh2
Qh5+ 47. Kg1 Qg4 48. Bxg6 Nxg6 49. Nf5+ Kh7 50. Ne7 e4 51. Nxg6 Kxg6 52. c6
bxc6 53. dxc6 Kh5 54. c7 Qc8 55. b5 e3 56. b6 Kg4 57. b7 1-0

[Event "26th WSCC 2016 Women 50+"]
[Site "Marianske Lazne, Czech Republic - Hotel Cristal"]
[Date "2016.11.23"]
[Round "5.3"]
[White "Strutinskaia, Galina"]
[Black "Wagner-Michel, Annett"]
[Result "1-0"]
[WhiteElo "2266"]
[BlackElo "2130"]
[PlyCount "59"]
[EventDate "2016.11.19"]

1. d4 d5 2. c4 e6 3. Nf3 Nf6 4. Nc3 Be7 5. Bg5 O-O 6. Qc2 Nbd7 7. e3 h6 8. h4
c5 9. O-O-O dxc4 10. Bxc4 cxd4 11. Rxd4 Qa5 12. Rhd1 Nb6 13. Bb3 Qf5 14. e4 Qh7
15. Bf4 Bc5 16. R4d2 a5 17. a4 Bb4 18. Bc7 Nbd7 19. e5 Qxc2+ 20. Kxc2 Bxc3 21.
bxc3 Ne4 22. Rxd7 Bxd7 23. Rxd7 Rfc8 24. Nd4 Nc5 25. Re7 b6 26. Nb5 Kf8 27. Bd6
Ne4 28. Rxe6+ Nxd6 29. Rxd6 Rab8 30. Rd7 1-0

[Event "26th WSCC 2016 Women 50+"]
[Site "Marianske Lazne, Czech Republic - Hotel Cristal"]
[Date "2016.11.23"]
[Round "5.4"]
[White "Kasoshvili, Tsiala"]
[Black "Burchardt, Brigitte"]
[Result "1/2-1/2"]
[WhiteElo "2117"]
[BlackElo "2204"]
[PlyCount "54"]
[EventDate "2016.11.19"]

1. d4 d5 2. Nf3 Nf6 3. c4 e6 4. g3 Bb4+ 5. Bd2 Be7 6. Bg2 O-O 7. Qc2 c6 8. O-O
Nbd7 9. Rd1 b6 10. Bf4 Bb7 11. Nbd2 Rc8 12. e4 Nh5 13. Be3 c5 14. dxc5 Bxc5 15.
Bxc5 Rxc5 16. b4 Rc8 17. exd5 exd5 18. Qa4 Qc7 19. Nd4 dxc4 20. Nb5 Bc6 21.
Bxc6 Qxc6 22. Nxc4 Nhf6 23. Ncd6 Ne5 24. Nxc8 Nf3+ 25. Kf1 Nxh2+ 26. Kg1 Nf3+
27. Kf1 Nh2+ 1/2-1/2

[Event "26th WSCC 2016 Women 50+"]
[Site "Marianske Lazne, Czech Republic - Hotel Cristal"]
[Date "2016.11.23"]
[Round "5.5"]
[White "Bogumil, Tatiana"]
[Black "Sazonova, Elena N"]
[Result "1/2-1/2"]
[WhiteElo "2124"]
[BlackElo "2113"]
[PlyCount "120"]
[EventDate "2016.11.19"]

1. Nf3 Nf6 2. c4 g6 3. b3 Bg7 4. Bb2 O-O 5. g3 d6 6. d4 Nbd7 7. d5 c6 8. dxc6
bxc6 9. Bg2 Qc7 10. Nd4 Bb7 11. O-O a5 12. Nc3 Nc5 13. e4 Qb6 14. Rb1 Nfd7 15.
Nde2 Ne5 16. Bc1 Bc8 17. Be3 Qb4 18. Qc2 Ng4 19. Bd2 Qb7 20. h3 Ne5 21. f4 Ned3
22. Be3 f5 23. Qd2 Nb4 24. e5 Ne6 25. a3 Na6 26. exd6 Rd8 27. Rfd1 Rxd6 28. Qc2
Bd7 29. Na4 Be8 30. Rxd6 exd6 31. Qd2 Nec5 32. Nxc5 dxc5 33. Qxa5 Bf8 34. Qc3
Rd8 35. Kf2 Qe7 36. Qe5 Qd7 37. Qc3 Nc7 38. Bf3 Ne6 39. Re1 Nd4 40. Bxd4 cxd4
41. Qa5 d3 42. Rd1 Be7 43. Kg2 Qd6 44. Nc1 d2 45. Ne2 Qxa3 46. Qxa3 Bxa3 47.
Nc3 Bb4 48. Na2 Bc5 49. Be2 Rb8 50. b4 Bxb4 51. Nxb4 Rxb4 52. Rxd2 Bf7 53. Rc2
c5 54. Rc3 Kf8 55. g4 fxg4 56. hxg4 h5 57. gxh5 gxh5 58. Kg3 Kg7 59. f5 Kf6 60.
Kf4 h4 1/2-1/2

[Event "26th WSCC 2016 Women 50+"]
[Site "Marianske Lazne, Czech Republic - Hotel Cristal"]
[Date "2016.11.23"]
[Round "5.6"]
[White "Liu, Shilan"]
[Black "Sirotkina, Nina"]
[Result "1-0"]
[WhiteElo "2249"]
[BlackElo "2178"]
[PlyCount "83"]
[EventDate "2016.11.19"]

1. e4 d6 2. d4 Nf6 3. Nc3 e5 4. Nf3 Nbd7 5. Bc4 Be7 6. O-O O-O 7. Re1 c6 8. a4
b6 9. Ba2 Bb7 10. h3 a6 11. dxe5 dxe5 12. Nh4 b5 13. Nf5 b4 14. Nb1 Nc5 15.
Qxd8 Bxd8 16. Be3 Ne6 17. Bxe6 fxe6 18. Nd6 Bc8 19. Nd2 a5 20. N2c4 Bc7 21.
Nxc8 Rfxc8 22. f3 Rd8 23. Red1 Rab8 24. b3 Kf7 25. Kf1 h6 26. Bc5 Nd7 27. Bd6
Bxd6 28. Rxd6 Ke7 29. Rxc6 Rdc8 30. Nxa5 Kf6 31. Rxc8 Rxc8 32. Nc4 Nc5 33. a5
Na6 34. Rd1 Ke7 35. Ke2 Rc5 36. Kd2 g6 37. c3 Kf6 38. cxb4 Nxb4 39. Kc3 Na2+
40. Kb2 Nb4 41. Ra1 Na6 42. Kc3 1-0

[Event "26th WSCC 2016 Women 50+"]
[Site "Marianske Lazne, Czech Republic - Hotel Cristal"]
[Date "2016.11.23"]
[Round "5.7"]
[White "Mednikova, Svetlana"]
[Black "Bazantova, Marie"]
[Result "1-0"]
[WhiteElo "2195"]
[BlackElo "1936"]
[PlyCount "101"]
[EventDate "2016.11.19"]

1. e4 c5 2. Nf3 Nf6 3. e5 Nd5 4. Nc3 Nxc3 5. dxc3 e6 6. Bf4 Be7 7. Qd2 Nc6 8.
O-O-O b6 9. h4 Bb7 10. Qe3 Qc7 11. Nd2 O-O-O 12. Nc4 Kb8 13. h5 h6 14. Rh3 Na5
15. Nd6 Bxd6 16. Rxd6 Bd5 17. Bb5 Nc4 18. Bxc4 Bxc4 19. b3 Bd5 20. g4 Kb7 21.
Kb2 a5 22. c4 Bc6 23. a4 Rde8 24. Qd2 Rhf8 25. Rhd3 Re7 26. Bg3 Kc8 27. Bh4
Ree8 28. Ka3 Rg8 29. Qf4 Rgf8 30. Qd2 Rg8 31. Rg3 Ref8 32. g5 hxg5 33. Rxg5 f6
34. exf6 gxf6 35. Rxg8 Rxg8 36. Bxf6 Be4 37. Be5 Qd8 38. Qe2 Bc6 39. h6 Qh4 40.
Bg7 Qh1 41. Kb2 Qg2 42. Rxe6 Rxg7 43. Re8+ Kb7 44. hxg7 Qxg7+ 45. Qe5 Qxe5+ 46.
Rxe5 Kc7 47. f4 d6 48. Re7+ Kd8 49. Re6 Kd7 50. f5 Bf3 51. Re3 1-0

[Event "26th WSCC 2016 Women 50+"]
[Site "Marianske Lazne, Czech Republic - Hotel Cristal"]
[Date "2016.11.23"]
[Round "5.8"]
[White "Ivanova, Tatiana"]
[Black "Birkholz, Olga"]
[Result "1/2-1/2"]
[WhiteElo "2108"]
[BlackElo "2064"]
[PlyCount "125"]
[EventDate "2016.11.19"]

1. d4 Nf6 2. Bf4 g6 3. Nd2 Bg7 4. e4 d5 5. e5 Nh5 6. Be3 f5 7. Nh3 O-O 8. f4 b6
9. Be2 Qe8 10. O-O e6 11. Bxh5 gxh5 12. Rf3 Nc6 13. Rg3 Ne7 14. Rg5 Ba6 15.
Rxh5 h6 16. Nf2 Rc8 17. Nb3 Bb5 18. Rh3 a5 19. Nd3 a4 20. Nbc1 Kh7 21. Ne2 Ng6
22. Nc3 Bd7 23. Rg3 Rg8 24. Qh5 Bf8 25. Ne2 c5 26. Rh3 Qe7 27. a3 Bb5 28. Rd1
Be8 29. Qf3 Qd7 30. Qg3 c4 31. Nb4 Nxe5 32. Qe1 Ng4 33. Ng3 Qg7 34. c3 Bd6 35.
Bc1 Bf7 36. Qf1 Nf6 37. Re1 Qg4 38. Qf3 Rg7 39. Qxg4 Rxg4 40. Rf1 h5 41. Rf2
Kg7 42. Nc2 Kf8 43. Ne2 Ne4 44. Rf1 Ke7 45. Ne3 Rgg8 46. Ng3 Nf6 47. Ne2 Rh8
48. Rh4 Kd7 49. Rh3 h4 50. Kf2 Rcg8 51. Rg1 Be7 52. Nf1 Bh5 53. Nd2 Rh7 54. Nf3
Rhg7 55. Ng5 Ne4+ 56. Nxe4 dxe4 57. Re3 Bd6 58. g3 hxg3+ 59. Rexg3 Rxg3 60.
Rxg3 Rxg3 61. Nxg3 Bg4 62. Nf1 Be7 63. Kg3 1/2-1/2

[Event "26th WSCC 2016 Women 50+"]
[Site "Marianske Lazne, Czech Republic - Hotel Cristal"]
[Date "2016.11.23"]
[Round "5.9"]
[White "Ovlyakuliyeva, Guldjahan"]
[Black "Schulz, Petra"]
[Result "0-1"]
[WhiteElo "1884"]
[BlackElo "2101"]
[PlyCount "56"]
[EventDate "2016.11.19"]

1. d4 Nf6 2. c4 g6 3. Nc3 d5 4. cxd5 Nxd5 5. Nxd5 Qxd5 6. Bf4 c6 7. Nf3 Bg7 8.
e3 Nd7 9. a3 O-O 10. b4 a5 11. Rc1 axb4 12. axb4 Qa2 13. Bc4 Qa3 14. Qd2 Ra4
15. b5 Nb6 16. Be2 cxb5 17. Bxb5 Rb4 18. Bd3 Rb2 19. Qd1 Qb4+ 20. Kf1 Bg4 21.
Qe1 Qa3 22. Be4 Na4 23. Bxb7 Rxb7 24. Ne5 Bxe5 25. Bxe5 Rb2 26. Ra1 Qd3+ 27.
Kg1 Nc3 28. h3 Be6 0-1

[Event "26th WSCC 2016 Women 50+"]
[Site "Marianske Lazne, Czech Republic - Hotel Cristal"]
[Date "2016.11.23"]
[Round "5.10"]
[White "Baliuniene, Margarita"]
[Black "Mira, Helene"]
[Result "1/2-1/2"]
[WhiteElo "1877"]
[BlackElo "2047"]
[PlyCount "161"]
[EventDate "2016.11.19"]

1. Nf3 d5 2. g3 Bg4 3. Bg2 Nd7 4. d4 c6 5. Nbd2 e6 6. b3 Ngf6 7. Bb2 Be7 8. c4
O-O 9. O-O a5 10. h3 Bh5 11. g4 Bg6 12. Nh4 Ne8 13. Nxg6 hxg6 14. cxd5 exd5 15.
Nf3 Nc7 16. Qd3 Ne6 17. e3 Re8 18. Nd2 g5 19. Qf5 g6 20. Qc2 Qc7 21. Rac1 Qb6
22. Rfd1 Bf6 23. Nf3 Kg7 24. Ne5 Qd8 25. Nd3 Rh8 26. a3 Qb6 27. b4 axb4 28.
axb4 Be7 29. Nc5 Nf6 30. Bc3 Qc7 31. Rb1 b5 32. Ra1 Qd6 33. Rxa8 Rxa8 34. Ra1
Rxa1+ 35. Bxa1 Bd8 36. Qa2 Nd7 37. Qa7 Nb6 38. Bc3 Nc4 39. Qb7 Bf6 40. Nd7 Nd8
41. Qc8 Be7 42. Nc5 Nb6 43. Qa6 Qc7 44. e4 Qf4 45. Nd3 Qb8 46. Nc5 Kg8 47. Kf1
dxe4 48. Bxe4 Qc7 49. Kg2 Nc4 50. d5 Qf4 51. Bf3 cxd5 52. Bxd5 Nd6 53. Qa1 Ne8
54. Qe1 Qd6 55. Bb3 Nc7 56. Qe4 Qc6 57. f3 Qxe4 58. Nxe4 Na6 59. Nf6+ Kf8 60.
Nd5 Nc6 61. Kf2 Naxb4 62. Ke3 f5 63. Nc7 Na7 64. Bd4 Nbc6 65. gxf5 gxf5 66.
Ne6+ Ke8 67. Ng7+ Kd7 68. Nxf5 Nxd4 69. Kxd4 Nc6+ 70. Ke4 Bc5 71. Ne3 Nd4 72.
Bd1 Kc6 73. Nc2 Ne6 74. Kf5 Kd6 75. Be2 b4 76. Bc4 Nd4+ 77. Nxd4 Bxd4 78. Kxg5
Be3+ 79. Kg6 Ke5 80. h4 Kf4 81. Bd5 1/2-1/2

[Event "26th WSCC 2016 Women 50+"]
[Site "Marianske Lazne, Czech Republic - Hotel Cristal"]
[Date "2016.11.23"]
[Round "5.11"]
[White "Milligan, Helen"]
[Black "Kierzek, Mira"]
[Result "1-0"]
[WhiteElo "2053"]
[BlackElo "2005"]
[PlyCount "63"]
[EventDate "2016.11.19"]

1. e4 d6 2. d4 Nf6 3. Nc3 Nbd7 4. Nf3 e5 5. Bc4 Be7 6. O-O O-O 7. Re1 a6 8. a4
b6 9. h3 Bb7 10. d5 Re8 11. Nh2 g6 12. Qf3 Nh5 13. Ne2 Bg5 14. g4 Ng7 15. Be3
Rf8 16. Ng3 Kh8 17. Nhf1 Qe7 18. Bd3 Qf6 19. Qxf6 Bxf6 20. c3 Ne8 21. Nd2 Rc8
22. a5 b5 23. c4 bxc4 24. Nxc4 Nc5 25. Bc2 Nd7 26. Rec1 Bd8 27. Ba4 Nb8 28. Ra3
Nf6 29. Rb3 Ba8 30. Nxd6 Be7 31. Nxc8 Rxc8 32. Rxc7 1-0

[Event "26th WSCC 2016 Women 50+"]
[Site "Marianske Lazne, Czech Republic - Hotel Cristal"]
[Date "2016.11.23"]
[Round "5.12"]
[White "Korinkova, Eva"]
[Black "Khropova, Larisa"]
[Result "0-1"]
[WhiteElo "1792"]
[BlackElo "1981"]
[PlyCount "120"]
[EventDate "2016.11.19"]

1. e4 c5 2. Nc3 Nc6 3. Bb5 Nd4 4. Nf3 Nxb5 5. Nxb5 a6 6. Nc3 e6 7. d4 cxd4 8.
Qxd4 Qc7 9. Be3 Ne7 10. O-O Nc6 11. Qd2 Be7 12. Rad1 d6 13. Bf4 Ne5 14. Qe2 O-O
15. Nd2 b5 16. a3 Bb7 17. Bg3 Rac8 18. Rfe1 Rfd8 19. f4 Nc4 20. Nxc4 bxc4 21.
f5 Bf6 22. Kh1 g6 23. fxe6 fxe6 24. Bxd6 Rxd6 25. Rxd6 Qxd6 26. e5 Bxe5 27.
Qxe5 Qxe5 28. Rxe5 Kf7 29. Kg1 Kf6 30. Re3 Bd5 31. Re2 Rb8 32. Nd1 e5 33. Ne3
Be6 34. c3 Rd8 35. Kf2 e4 36. h3 h5 37. Nc2 Ke5 38. Nd4 Bd5 39. Ke3 Rb8 40. Rf2
a5 41. Rd2 h4 42. Ne2 g5 43. Nd4 g4 44. hxg4 Rg8 45. Rf2 Rxg4 46. Ne2 Rg8 47.
g3 h3 48. Rh2 Be6 49. Kd2 Rb8 50. Kc2 Rg8 51. Kd2 Bc8 52. Ke3 Rg7 53. Kd2 Rb7
54. Kc1 e3 55. Nd4 Bg4 56. Ne2 Ke4 57. Kc2 Rd7 58. Nd4 Rf7 59. Kc1 Rf1+ 60. Kc2
Bd1+ 0-1

[Event "26th WSCC 2016 Women 50+"]
[Site "Marianske Lazne, Czech Republic - Hotel Cristal"]
[Date "2016.11.24"]
[Round "6.1"]
[White "Berend, Elvira"]
[Black "Ankudinova, Yelena"]
[Result "1-0"]
[WhiteElo "2349"]
[BlackElo "2122"]
[PlyCount "47"]
[EventDate "2016.11.19"]

1. d4 e6 2. g3 Nf6 3. c4 Bb4+ 4. Bd2 Bxd2+ 5. Qxd2 O-O 6. Nf3 b6 7. Nc3 Bb7 8.
Bg2 d6 9. O-O Nbd7 10. d5 e5 11. e4 Nc5 12. Ne1 a5 13. Nd3 Nxd3 14. Qxd3 Nd7
15. b3 Qe7 16. Qc2 Nc5 17. Rae1 h5 18. f4 h4 19. f5 hxg3 20. f6 Qd8 21. Re3 g6
22. Rxg3 Bc8 23. Qf2 Nd7 24. Rf3 1-0

[Event "26th WSCC 2016 Women 50+"]
[Site "Marianske Lazne, Czech Republic - Hotel Cristal"]
[Date "2016.11.24"]
[Round "6.2"]
[White "Burchardt, Brigitte"]
[Black "Strutinskaia, Galina"]
[Result "0-1"]
[WhiteElo "2204"]
[BlackElo "2266"]
[PlyCount "50"]
[EventDate "2016.11.19"]

1. e4 c5 2. Nc3 Nc6 3. Nf3 e6 4. g3 d6 5. Bg2 Nf6 6. O-O Be7 7. d4 cxd4 8. Nxd4
Bd7 9. b3 a6 10. Bb2 O-O 11. Re1 Rc8 12. a4 Qc7 13. Rc1 Rfd8 14. Nxc6 Bxc6 15.
Qe2 Bf8 16. Na2 d5 17. exd5 Bxd5 18. Bxd5 Nxd5 19. c4 Ne7 20. Be5 Qc6 21. b4
Qxa4 22. Rb1 Qc6 23. Rec1 Nf5 24. b5 Qc5 25. Qe4 Rd2 0-1

[Event "26th WSCC 2016 Women 50+"]
[Site "Marianske Lazne, Czech Republic - Hotel Cristal"]
[Date "2016.11.24"]
[Round "6.3"]
[White "Sazonova, Elena N"]
[Black "Liu, Shilan"]
[Result "1/2-1/2"]
[WhiteElo "2113"]
[BlackElo "2249"]
[PlyCount "142"]
[EventDate "2016.11.19"]

1. e4 c5 2. Nf3 d6 3. d4 cxd4 4. Nxd4 Nf6 5. Nc3 Nc6 6. Bc4 Qb6 7. Nb3 e6 8.
Be3 Qc7 9. f4 a6 10. Be2 b5 11. Bf3 Bb7 12. O-O Be7 13. Qe1 O-O 14. Rd1 Rac8
15. Kh1 Rfe8 16. Qg3 b4 17. Na4 Nd7 18. e5 Nd8 19. exd6 Bxd6 20. Rd2 Bxf3 21.
Qxf3 Nb7 22. Rfd1 Nf6 23. Nb6 Rb8 24. c4 bxc3 25. bxc3 Bc5 26. Nd7 Bxe3 27.
Nxf6+ gxf6 28. Qxe3 Red8 29. Rxd8+ Rxd8 30. Rxd8+ Qxd8 31. h3 Qd5 32. Qb6 Nd6
33. Qxa6 Nf5 34. Kh2 Qe4 35. Qf1 Kf8 36. Qf2 Qd3 37. Nd4 Qxc3 38. Nxf5 exf5 39.
Qf3 Qb4 40. a3 Qa4 41. Kg3 Kg7 42. Qc3 h6 43. Qb4 Qd1 44. a4 Qd3+ 45. Kh2 h5
46. a5 h4 47. Qe1 Qa3 48. g3 Qb2+ 49. Kg1 Qd4+ 50. Kh1 Qd5+ 51. Kh2 Qa2+ 52.
Kg1 hxg3 53. Qxg3+ Kh6 54. Qc3 Kg6 55. Kf1 Kg7 56. Ke1 Kg6 57. Qd2 Qa3 58. Kf1
Kh6 59. Kg2 Kg6 60. Qd5 Qb2+ 61. Kg3 Qc3+ 62. Kh2 Qe3 63. a6 Qxf4+ 64. Kg2 Qe3
65. Qf3 Qd2+ 66. Kh1 Qa5 67. Qg3+ Kh7 68. Qd3 Kg7 69. Kg2 Qa4 70. Qg3+ Kh7 71.
Qd3 Kg7 1/2-1/2

[Event "26th WSCC 2016 Women 50+"]
[Site "Marianske Lazne, Czech Republic - Hotel Cristal"]
[Date "2016.11.24"]
[Round "6.4"]
[White "Kasoshvili, Tsiala"]
[Black "Mednikova, Svetlana"]
[Result "1-0"]
[WhiteElo "2117"]
[BlackElo "2195"]
[PlyCount "113"]
[EventDate "2016.11.19"]

1. d4 d5 2. Nf3 Nf6 3. g3 c6 4. Bg2 Bf5 5. b3 h6 6. Bb2 e6 7. Nbd2 Bd6 8. O-O
O-O 9. c4 Qe7 10. Ne5 Nbd7 11. Nxd7 Nxd7 12. a3 a5 13. c5 Bc7 14. f4 f6 15. e4
dxe4 16. Nxe4 Bxe4 17. Bxe4 f5 18. Bf3 Nf6 19. Re1 Qf7 20. Qe2 Rfe8 21. b4 Nd5
22. b5 Qd7 23. b6 Bd8 24. Bh5 Re7 25. h4 Kh7 26. Bf3 Re8 27. h5 Bf6 28. Rad1
Qf7 29. Kf2 Re7 30. Qd3 g5 31. hxg6+ Qxg6 32. Bxd5 cxd5 33. Qf3 Rg8 34. Rh1 Kg7
35. Rd3 Kf7 36. Qh5 Qxh5 37. Rxh5 Kg6 38. Rh1 a4 39. Bc3 h5 40. Kf3 Rh8 41. Rd2
Reh7 42. Rb2 Kf7 43. Rb4 Ke7 44. Rxa4 Kd7 45. Be1 Kc6 46. Bf2 Rg7 47. Re1 Re7
48. Ra7 h4 49. gxh4 Bxh4 50. Rh1 Reh7 51. Bxh4 Rxh4 52. Rxh4 Rxh4 53. Ra8 Rh3+
54. Kg2 Rd3 55. Rc8+ Kb5 56. a4+ Ka5 57. Ra8+ 1-0

[Event "26th WSCC 2016 Women 50+"]
[Site "Marianske Lazne, Czech Republic - Hotel Cristal"]
[Date "2016.11.24"]
[Round "6.5"]
[White "Richtrova, Eliska"]
[Black "Makropoulou, Marina"]
[Result "0-1"]
[WhiteElo "2188"]
[BlackElo "2119"]
[PlyCount "100"]
[EventDate "2016.11.19"]

1. g3 c5 2. Bg2 Nc6 3. c4 g6 4. Nc3 Bg7 5. Nf3 d6 6. d3 e5 7. Rb1 Nge7 8. a3 a5
9. O-O O-O 10. Bd2 Rb8 11. Ne1 Be6 12. Nc2 Qd7 13. b4 axb4 14. axb4 b6 15. b5
Nd4 16. Ne3 f5 17. Ned5 f4 18. Nxe7+ Qxe7 19. e3 fxe3 20. Bxe3 Kh8 21. Bxd4
exd4 22. Nd5 Qf7 23. Ra1 Bf6 24. Ra6 Bd8 25. Qd2 Bc8 26. Ra2 Qf5 27. Re1 Qh5
28. Ra7 Bg5 29. f4 Bd8 30. Ne7 Bf5 31. Nc6 Rc8 32. Nxd8 Rcxd8 33. Bc6 h6 34.
Qg2 Bxd3 35. g4 Qh4 36. Ree7 Rf7 37. Qg3 Qxg3+ 38. hxg3 Rxe7 39. Rxe7 Bxc4 40.
Rb7 Ra8 41. Rxb6 Ra1+ 42. Kf2 Ra2+ 43. Kf3 d3 44. Rb8+ Kg7 45. Rb7+ Kf6 46. Rd7
Ke6 47. f5+ gxf5 48. gxf5+ Ke5 49. Kg4 d5 50. Re7+ Kd4 0-1

[Event "26th WSCC 2016 Women 50+"]
[Site "Marianske Lazne, Czech Republic - Hotel Cristal"]
[Date "2016.11.24"]
[Round "6.6"]
[White "Wagner-Michel, Annett"]
[Black "Bogumil, Tatiana"]
[Result "1/2-1/2"]
[WhiteElo "2130"]
[BlackElo "2124"]
[PlyCount "77"]
[EventDate "2016.11.19"]

1. e4 g6 2. d4 Bg7 3. Nf3 d6 4. Bc4 c6 5. O-O b5 6. Be2 Bb7 7. Bg5 Nd7 8. Nbd2
h6 9. Be3 Ngf6 10. c3 O-O 11. Ne1 c5 12. d5 Qb6 13. f4 a5 14. Qc2 a4 15. Rd1
Qa5 16. c4 bxc4 17. Nxc4 Qc7 18. Nf3 Rfb8 19. Rc1 Nb6 20. Rfe1 Nfd7 21. Nxb6
Nxb6 22. h3 Kh7 23. g4 Qc8 24. Kh2 Ra7 25. g5 h5 26. Nh4 Kg8 27. Bf3 Nd7 28. e5
dxe5 29. f5 Qc7 30. Kg2 Ba6 31. fxg6 fxg6 32. Nxg6 Nf8 33. Nh4 Qd7 34. Qf5 Bc8
35. Qxd7 Bxd7 36. Bxh5 Rb4 37. Nf3 e4 38. Nd2 Ra5 39. Be2 1/2-1/2

[Event "26th WSCC 2016 Women 50+"]
[Site "Marianske Lazne, Czech Republic - Hotel Cristal"]
[Date "2016.11.24"]
[Round "6.7"]
[White "Schulz, Petra"]
[Black "Ivanova, Tatiana"]
[Result "0-1"]
[WhiteElo "2101"]
[BlackElo "2108"]
[PlyCount "142"]
[EventDate "2016.11.19"]

1. e4 d5 2. exd5 Qxd5 3. Nc3 Qd6 4. d4 Nf6 5. Nf3 c6 6. h3 Bf5 7. Ne5 Nbd7 8.
Nc4 Qe6+ 9. Ne3 Nb6 10. Be2 Bg6 11. a4 Ne4 12. O-O Nxc3 13. bxc3 Nd5 14. Nxd5
Qxd5 15. c4 Qe4 16. Ra2 e6 17. c3 Bd6 18. Bf3 Qh4 19. Qb3 Rb8 20. Ba3 Qe7 21.
Bxd6 Qxd6 22. c5 Qc7 23. a5 O-O 24. Re1 Rfd8 25. Qc4 Qf4 26. Rae2 a6 27. Re3 h6
28. g3 Qc7 29. Qa2 Rd7 30. Bg2 Re7 31. f4 Rbe8 32. Bf1 Kf8 33. Bc4 Bf5 34. Kg2
h5 35. Be2 Bg6 36. Bf3 Qd8 37. h4 Qc7 38. Qe2 Qxa5 39. Bxh5 Bh7 40. Bg4 Qc7 41.
Re5 Bg8 42. Re3 a5 43. Qa2 f5 44. Bh5 e5 45. Qc2 Bd5+ 46. Kf2 exf4 47. Qxf5+
Kg8 48. gxf4 Rxe3 49. Rxe3 Rxe3 50. Kxe3 Qe7+ 51. Kd2 Qxh4 52. Qc8+ Kh7 53.
Qf5+ Kh8 54. Qf8+ Bg8 55. Bd1 Qf2+ 56. Kd3 Qa2 57. Bc2 a4 58. Kd2 a3 59. Qf5
Qe6 60. Qxe6 Bxe6 61. Kc1 Kg8 62. Kb1 Kf7 63. Ka1 Kf6 64. Bb1 Bf5 65. Ba2 Be4
66. c4 Kf5 67. d5 Kxf4 68. d6 Bf5 69. Bb1 Bd7 70. Bg6 Ke5 71. Ka2 Kd4 0-1

[Event "26th WSCC 2016 Women 50+"]
[Site "Marianske Lazne, Czech Republic - Hotel Cristal"]
[Date "2016.11.24"]
[Round "6.8"]
[White "Birkholz, Olga"]
[Black "Milligan, Helen"]
[Result "1/2-1/2"]
[WhiteElo "2064"]
[BlackElo "2053"]
[PlyCount "93"]
[EventDate "2016.11.19"]

1. d4 Nf6 2. Nf3 g6 3. Nc3 Bg7 4. Bg5 d6 5. h3 Nbd7 6. e3 c6 7. Bd3 O-O 8. a4
Qe8 9. O-O e5 10. dxe5 dxe5 11. e4 Nc5 12. Be3 Qe7 13. Ne1 Rd8 14. Qf3 Be6 15.
Bg5 h6 16. Bh4 g5 17. Bg3 g4 18. hxg4 Bxg4 19. Qe3 Nh5 20. Bh2 Bf6 21. f3 Bg5
22. Qf2 Bd7 23. Ne2 Kh8 24. b4 Nxd3 25. Nxd3 f6 26. Rfd1 Be8 27. g3 f5 28. exf5
e4 29. Nc5 exf3 30. Qxf3 Be3+ 31. Kf1 Bf7 32. Ne6 Rxd1+ 33. Rxd1 Bg5 34. Nxg5
Qxg5 35. g4 Nf6 36. Be5 Kg8 37. Bxf6 Qxf6 38. Nf4 Re8 39. Kf2 Qh4+ 40. Kg2 Qe7
41. c3 Bb3 42. Rh1 Qd6 43. Rf1 Bxa4 44. Qd3 Qxd3 45. Nxd3 Bb5 46. Rf3 c5 47.
Kf2 1/2-1/2

[Event "26th WSCC 2016 Women 50+"]
[Site "Marianske Lazne, Czech Republic - Hotel Cristal"]
[Date "2016.11.24"]
[Round "6.9"]
[White "Beltz, Martina"]
[Black "Sirotkina, Nina"]
[Result "1/2-1/2"]
[WhiteElo "2066"]
[BlackElo "2178"]
[PlyCount "92"]
[EventDate "2016.11.19"]

1. d4 c5 2. e3 Nf6 3. Nf3 b6 4. Bd3 Bb7 5. Nbd2 g6 6. b3 Bg7 7. Bb2 O-O 8. O-O
cxd4 9. exd4 Nh5 10. Re1 d6 11. Be4 Bxe4 12. Rxe4 d5 13. Re3 Bh6 14. Rc3 Nd7
15. Ne5 Nxe5 16. dxe5 Nf4 17. Nf3 Qd7 18. Nd4 Bg7 19. Re3 Rac8 20. Rc1 Rc7 21.
g3 Nh3+ 22. Kg2 Ng5 23. f4 Ne6 24. Nf3 Rfc8 25. Rd3 Qb5 26. a4 Qb4 27. c3 Qe4
28. Rxd5 g5 29. Kf2 gxf4 30. gxf4 Qxf4 31. Qg1 Nc5 32. c4 Ne4+ 33. Ke2 e6 34.
Rd4 Qf5 35. Rcd1 h6 36. Qe3 Ng5 37. Rf4 Qg6 38. Nh4 Qh5+ 39. Ke1 Rc5 40. Rd7
R5c7 41. Qd3 Rxd7 42. Qxd7 Rf8 43. Bd4 Nh3 44. Re4 Ng5 45. Rf4 Nh3 46. Re4 Ng5
1/2-1/2

[Event "26th WSCC 2016 Women 50+"]
[Site "Marianske Lazne, Czech Republic - Hotel Cristal"]
[Date "2016.11.24"]
[Round "6.10"]
[White "Mira, Helene"]
[Black "Bazantova, Marie"]
[Result "1-0"]
[WhiteElo "2047"]
[BlackElo "1936"]
[PlyCount "115"]
[EventDate "2016.11.19"]

1. Nf3 Nf6 2. c4 e6 3. g3 c5 4. Bg2 Be7 5. O-O O-O 6. Nc3 Nc6 7. d4 d5 8. cxd5
exd5 9. dxc5 d4 10. Na4 Bf5 11. a3 Qd7 12. Re1 Rad8 13. b4 Be4 14. Ra2 Bd5 15.
Ra1 Be4 16. Nb2 Nd5 17. Nd3 Nc3 18. Qd2 Bxf3 19. Bxf3 Bf6 20. Bb2 Qe7 21. Qc2
Nd5 22. Rad1 Qe6 23. b5 Nce7 24. Qc4 Nc7 25. Qxe6 fxe6 26. a4 b6 27. cxb6 axb6
28. Nb4 e5 29. e3 Ne6 30. exd4 Nxd4 31. Bxd4 exd4 32. Re6 Nc8 33. Kg2 Kf7 34.
Rc6 Be7 35. Nd5 Bc5 36. a5 Rd6 37. Rxd6 Nxd6 38. axb6 Nxb5 39. b7 Rb8 40. Rc1
Bd6 41. Nf4 g5 42. Nd3 Nc3 43. h3 Kf6 44. Ra1 Ke7 45. Ra8 Kd7 46. Rxb8 Bxb8 47.
Nc5+ Ke7 48. Na6 Be5 49. Kf1 d3 50. Ke1 Nb5 51. b8=Q Bxb8 52. Nxb8 Nd4 53. Nc6+
Nxc6 54. Bxc6 Kf6 55. Bb5 h5 56. Bxd3 h4 57. Ke2 Ke5 58. Kf3 1-0